[Event "XXXVIII C.to Italiano"]
[Site "Castelvecchio Pascoli ITA"]
[Date "1977.10.??"]
[Round "1"]
[White "Cosulich, Roberto"]
[Black "Passerotti, Pierluigi"]
[Result "1-0"]
[WhiteElo "2425"]
[BlackElo "2380"]
[PlyCount "79"]
[EventDate "1977.10.13"]

1. e4 e5 2. Nf3 Nc6 3. Bb5 a6 4. Bxc6 dxc6 5. O-O f6 6. d4 Bg4 7. dxe5 Qxd1 8.
Rxd1 fxe5 9. Rd3 Bxf3 10. gxf3 Nf6 11. Nd2 Nd7 12. Nc4 Be7 13. f4 Nc5 14. Rg3
Nxe4 15. Rxg7 Kf8 16. Rg2 Rd8 17. Be3 exf4 18. Bxf4 Bf6 19. Re1 Nd6 20. Ne5 Nf5
21. Kf1 Rg8 22. Rxg8+ Kxg8 23. Nd3 Nd6 24. b3 Bd4 25. Re7 Bb6 26. Be3 Nf5 27.
Re5 Bxe3 28. fxe3 Rf8 29. Ke2 Kg7 30. Nc5 Rf7 31. Nxb7 Kf6 32. Nd8 Rd7 33. Re6+
Kg5 34. Nxc6 h5 35. Re4 Nh6 36. h4+ Kf5 37. Rf4+ Ke6 38. Nd4+ Ke5 39. Nf3+ Ke6
40. Ng5+ 1-0

[Event "XXXVIII C.to Italiano"]
[Site "Castelvecchio Pascoli ITA"]
[Date "1977.10.??"]
[Round "1"]
[White "De Eccher, Stefano"]
[Black "Taruffi, Daniele"]
[Result "1-0"]
[WhiteElo "2110"]
[BlackElo "2325"]
[PlyCount "69"]
[EventDate "1977.10.13"]

1. e4 e5 2. d4 Nc6 3. Nf3 exd4 4. c3 dxc3 5. Bc4 d6 6. Nxc3 Bg4 7. Qb3 Na5 8.
Bxf7+ Ke7 9. Qa4 Nf6 10. Bb3 Bxf3 11. Qxa5 Bxg2 12. Rg1 Bh3 13. e5 dxe5 14. Rg3
Qd7 15. Bg5 Kd8 16. Rd1 Bd6 17. Rxd6 Qxd6 18. Ne4 Qe7 19. Rxh3 Kc8 20. Re3 Kb8
21. Nc3 Re8 22. Ne4 a6 23. Nd2 b6 24. Qc3 Ka7 25. Nf3 e4 26. Nd4 Qd6 27. h3
Rad8 28. Nc6+ Kb7 29. Nxd8+ Rxd8 30. Bc2 Ka7 31. Bxf6 gxf6 32. Rxe4 f5 33. Re3
f4 34. Re4 Kb8 35. Kf1 1-0

[Event "XXXVIII C.to Italiano"]
[Site "Castelvecchio Pascoli ITA"]
[Date "1977.10.??"]
[Round "1"]
[White "Mariotti, Sergio"]
[Black "Valenti, Giuseppe"]
[Result "1-0"]
[WhiteElo "2490"]
[BlackElo "2240"]
[PlyCount "49"]
[EventDate "1977.10.13"]

1. c4 g6 2. Nc3 c5 3. g3 Bg7 4. Bg2 Nc6 5. d3 Nh6 6. h4 d6 7. h5 Bd7 8. Bd2 Ng4
9. Nh3 O-O 10. Qc1 Rb8 11. hxg6 hxg6 12. f3 Nf6 13. Bh6 Re8 14. Nf2 Bh8 15. Bd2
Ne5 16. Nce4 Bg7 17. Bh6 Bh8 18. Qg5 Bc6 19. Qh4 Bxe4 20. Nxe4 Nxe4 21. Bd2 Bg7
22. Qh7+ Kf8 23. Bh6 Qa5+ 24. Kd1 Nf2+ 25. Kc2 1-0

[Event "XXXVIII C.to Italiano"]
[Site "Castelvecchio Pascoli ITA"]
[Date "1977.10.??"]
[Round "1"]
[White "Messa, Roberto"]
[Black "Spinetti, Paolo"]
[Result "1-0"]
[WhiteElo "2055"]
[BlackElo "2110"]
[PlyCount "141"]
[EventDate "1977.10.13"]

1. e4 d6 2. d4 Nf6 3. Nc3 g6 4. Be2 Bg7 5. h4 Nc6 6. h5 e5 7. h6 Bf8 8. d5 Nd4
9. Be3 Nxe2 10. Qxe2 a6 11. O-O-O Be7 12. Nh3 O-O 13. Rdg1 Ng4 14. Bd2 b5 15.
g3 Bd7 16. f4 Qc8 17. Nf2 Nxf2 18. Qxf2 Kh8 19. g4 Bxg4 20. fxe5 f5 21. e6 fxe4
22. Qd4+ Bf6 23. Qxe4 Bf5 24. Qe3 c6 25. Ne4 cxd5 26. e7 Rf7 27. e8=Q+ Qxe8 28.
Nxf6 Qxe3 29. Bxe3 Rxf6 30. Bd4 Raf8 31. Re1 Kg8 32. Bxf6 Rxf6 33. Re8+ Kf7 34.
Ra8 g5 35. Ra7+ Ke6 36. Re1+ Be4 37. Rxh7 Rf2 38. Rc7 Rh2 39. h7 Ke5 40. Re2
Rh1+ 41. Kd2 g4 42. Rg7 Kd4 43. Rxg4 Rxh7 44. Rg8 Rc7 45. c3+ Kc5 46. Ra8 Kb6
47. Rd8 Rc6 48. Rf2 a5 49. Rb8+ Kc5 50. Rf7 Bg2 51. a4 bxa4 52. Ra7 Rb6 53.
Rxa5+ Kc6 54. Rxb6+ Kxb6 55. Rxa4 Kb5 56. Rb4+ Kc5 57. Ke3 Bf1 58. Rb8 Bg2 59.
Rc8+ Kb6 60. Kd4 Kb7 61. Rg8 Bf3 62. Rg1 Kb6 63. b4 Kc6 64. Ra1 Be2 65. Ra3 Bc4
66. Ra5 Bb3 67. Ra6+ Kc7 68. b5 Bc4 69. Rc6+ Kb7 70. Rxd6 Bxb5 71. Kxd5 1-0

[Event "XXXVIII C.to Italiano"]
[Site "Castelvecchio Pascoli ITA"]
[Date "1977.10.??"]
[Round "1"]
[White "Tatai, Stefano"]
[Black "Cappello, Renato"]
[Result "1-0"]
[WhiteElo "2480"]
[BlackElo "2345"]
[PlyCount "69"]
[EventDate "1977.10.13"]

1. Nf3 Nf6 2. c4 g6 3. g3 Bg7 4. Bg2 O-O 5. O-O d6 6. d4 c6 7. Nc3 Nbd7 8. e4
e5 9. h3 Qb6 10. Re1 exd4 11. Nxd4 Ng4 12. Nce2 Nge5 13. b3 Nc5 14. Rf1 a5 15.
Be3 a4 16. Rb1 axb3 17. axb3 Qc7 18. f4 Ned7 19. b4 Na4 20. Qc2 Nab6 21. c5
dxc5 22. bxc5 Na4 23. Nb3 b6 24. cxb6 Naxb6 25. Nc5 Re8 26. Rfc1 Nf6 27. Bf2
Qd8 28. Nd4 Qc7 29. e5 Nfd5 30. Ne4 Bd7 31. Nb5 Qd8 32. Nbd6 Rf8 33. Nc5 Bc8
34. Ncb7 Bxb7 35. Nxb7 1-0

[Event "XXXVIII C.to Italiano"]
[Site "Castelvecchio Pascoli ITA"]
[Date "1977.10.??"]
[Round "1"]
[White "Toth, Bela"]
[Black "Zichichi, Alvise"]
[Result "1-0"]
[WhiteElo "2440"]
[BlackElo "2350"]
[PlyCount "83"]
[EventDate "1977.10.13"]

1. d4 d5 2. c4 c6 3. cxd5 cxd5 4. Nc3 Nf6 5. Bf4 Nc6 6. e3 Bf5 7. Nf3 e6 8. Bb5
Nd7 9. Qa4 Rc8 10. Bxc6 Rxc6 11. Qxa7 Ra6 12. Qxb7 Rb6 13. Qa7 Rxb2 14. O-O Be7
15. Rfc1 O-O 16. Na4 Rb4 17. Rc7 Nf6 18. Rxe7 Rxa4 19. Qxa4 Qxe7 20. Bg5 Qb7
21. Bxf6 Ra8 22. Qd1 gxf6 23. a4 Qb4 24. h3 Bg6 25. Nh2 Kg7 26. Nf1 Ra7 27. Ng3
Ra8 28. h4 h6 29. h5 Bh7 30. Ne2 Bf5 31. Nf4 Kh8 32. Kh2 Qb2 33. Qe1 Be4 34. a5
e5 35. dxe5 fxe5 36. Ne2 Rg8 37. Ng3 Ra8 38. Nxe4 dxe4 39. a6 f5 40. Qa5 Qxf2
41. Qxe5+ Kh7 42. Qc7+ 1-0

[Event "XXXVIII C.to Italiano"]
[Site "Castelvecchio Pascoli ITA"]
[Date "1977.10.??"]
[Round "2"]
[White "Cappello, Renato"]
[Black "Cosulich, Roberto"]
[Result "0-1"]
[WhiteElo "2345"]
[BlackElo "2425"]
[PlyCount "80"]
[EventDate "1977.10.13"]

1. c4 e5 2. Nc3 Nf6 3. Nf3 Nc6 4. d4 exd4 5. Nxd4 Bb4 6. Bg5 Bxc3+ 7. bxc3 d6
8. g3 h6 9. Bxf6 Qxf6 10. Bg2 O-O 11. O-O Ne5 12. Rb1 c6 13. Qa4 Nd7 14. Rfd1
Nc5 15. Qc2 Re8 16. h3 Be6 17. Nxe6 Qxe6 18. e3 Rad8 19. Rd4 Qe5 20. Rbd1 Ne6
21. R4d2 f5 22. Qd3 Qf6 23. h4 Re7 24. h5 Nc5 25. Qd4 Rf7 26. Bf3 Qe6 27. Qh4
Rdd7 28. Rd4 Rf6 29. Bg2 Qe7 30. R4d2 Qe5 31. Qd4 Qe8 32. Bf3 Ne4 33. Bxe4 fxe4
34. Qxa7 Qxh5 35. Rxd6 Rxf2 36. Kxf2 Qh2+ 37. Ke1 Qg1+ 38. Ke2 Qg2+ 39. Ke1 Rf7
40. Qb8+ Kh7 0-1

[Event "XXXVIII C.to Italiano"]
[Site "Castelvecchio Pascoli ITA"]
[Date "1977.10.??"]
[Round "2"]
[White "Passerotti, Pierluigi"]
[Black "De Eccher, Stefano"]
[Result "1-0"]
[WhiteElo "2380"]
[BlackElo "2110"]
[PlyCount "133"]
[EventDate "1977.10.13"]

1. e4 c6 2. d4 d5 3. exd5 cxd5 4. c4 Nf6 5. Nc3 e6 6. c5 g6 7. Bf4 Nh5 8. Be5
f6 9. Bxb8 Rxb8 10. Bb5+ Bd7 11. Bxd7+ Qxd7 12. Nge2 Bh6 13. O-O O-O 14. b4 b6
15. b5 Nf4 16. Nxf4 Bxf4 17. c6 Qe7 18. Re1 Rbd8 19. Re2 Bc7 20. Qb3 Qd6 21. g3
Kf7 22. Rae1 Rde8 23. Re3 Rg8 24. Qb1 Re7 25. h4 Rge8 26. h5 Kg7 27. Qd3 Rd8
28. f4 Kf7 29. Kg2 Rg8 30. hxg6+ hxg6 31. Rh1 Ree8 32. Rh7+ Rg7 33. Rxg7+ Kxg7
34. Qe2 Kf7 35. a3 Rg8 36. Qa2 Rh8 37. Qb3 Qf8 38. Nd1 Qh6 39. Nf2 Qf8 40. Qd3
Qd6 41. Qe2 Rg8 42. Nd3 Rh8 43. Nb4 Bd8 44. Rc3 Bc7 45. Na6 Rg8 46. Re3 Re8 47.
Kf1 Rc8 48. Qh2 Rg8 49. Qh3 f5 50. Qh7+ Rg7 51. Qh8 Rg8 52. Qe5 Qxe5 53. fxe5
Rc8 54. Re2 Kg7 55. Rh2 Kg8 56. a4 Kg7 57. Ke2 Bd8 58. Kd3 Bg5 59. a5 Be7 60.
axb6 axb6 61. c7 g5 62. Rc2 g4 63. Rc6 Bh4 64. gxh4 f4 65. Rxb6 f3 66. Rb8 g3
67. Ke3 1-0

[Event "XXXVIII C.to Italiano"]
[Site "Castelvecchio Pascoli ITA"]
[Date "1977.10.??"]
[Round "2"]
[White "Rupeni, Franco"]
[Black "Messa, Roberto"]
[Result "1-0"]
[WhiteElo "2105"]
[BlackElo "2055"]
[PlyCount "81"]
[EventDate "1977.10.13"]

1. e4 e6 2. d4 d5 3. e5 c5 4. c3 Qb6 5. Nf3 Bd7 6. Bd3 Bb5 7. O-O Bxd3 8. Qxd3
c4 9. Qe2 Nc6 10. Nbd2 Qa5 11. Rb1 Nge7 12. a3 b5 13. Ng5 h6 14. Nh3 Nf5 15.
Nf4 O-O-O 16. Re1 g6 17. Nf1 Qa4 18. b3 cxb3 19. Nd2 Na5 20. Nd3 a6 21. Nb2
Qxa3 22. Nbc4 Qa2 23. Rb2 Qa1 24. Nxa5 Qxa5 25. Nxb3 Qb6 26. Ra2 Kd7 27. Ba3
Bxa3 28. Rxa3 Ra8 29. Nc5+ Ke7 30. Qf3 Rhd8 31. g4 Ng7 32. Qf6+ Kf8 33. Re3 Kg8
34. Rh3 h5 35. gxh5 Nxh5 36. Rxh5 gxh5 37. c4 Kh7 38. Rh3 Rg8+ 39. Kf1 Rg7 40.
Rxh5+ Kg8 41. Qh6 1-0

[Event "XXXVIII C.to Italiano"]
[Site "Castelvecchio Pascoli ITA"]
[Date "1977.10.??"]
[Round "2"]
[White "Spinetti, Paolo"]
[Black "Mariotti, Sergio"]
[Result "0-1"]
[WhiteElo "2110"]
[BlackElo "2490"]
[PlyCount "81"]
[EventDate "1977.10.13"]

1. Nf3 g6 2. g3 Bg7 3. Bg2 e5 4. d3 Ne7 5. c4 O-O 6. Nc3 h6 7. O-O f5 8. Bd2 c6
9. Rc1 d5 10. cxd5 cxd5 11. b4 Be6 12. Qa4 e4 13. Ne1 Nbc6 14. b5 Ne5 15. Bf4
Qd7 16. Bxe5 Bxe5 17. d4 Bd6 18. e3 Rfc8 19. Qb3 Rc4 20. f4 Rac8 21. Rf2 Bb4
22. Rfc2 Bxc3 23. Rxc3 Rxc3 24. Rxc3 Rxc3 25. Qxc3 Qxb5 26. Kf2 Kf7 27. Bf1 Qb1
28. Qb3 Qxb3 29. axb3 Bd7 30. Nc2 Nc8 31. Nb4 Ke6 32. h4 Nd6 33. Be2 Bb5 34.
Bd1 a5 35. Na2 Be8 36. Ke1 b5 37. Nc3 b4 38. Na2 Kf6 39. Kd2 g5 40. hxg5+ hxg5
41. Ke1 0-1

[Event "XXXVIII C.to Italiano"]
[Site "Castelvecchio Pascoli ITA"]
[Date "1977.10.??"]
[Round "2"]
[White "Taruffi, Daniele"]
[Black "Trabattoni, Franco"]
[Result "0-1"]
[WhiteElo "2325"]
[BlackElo "2265"]
[PlyCount "74"]
[EventDate "1977.10.13"]

1. c4 e5 2. Nc3 Nf6 3. g3 d5 4. cxd5 Nxd5 5. Bg2 Nb6 6. Nf3 Nc6 7. O-O Be7 8.
a3 O-O 9. b4 a6 10. d3 Be6 11. Ne4 Bd5 12. Nc3 Be6 13. Ne4 Bd5 14. Nc5 Bxc5 15.
bxc5 Nd7 16. e4 Be6 17. Bg5 f6 18. Be3 Qe7 19. d4 exd4 20. Nxd4 Nxd4 21. Qxd4
Ne5 22. f4 Rad8 23. Qb4 Ng4 24. Bd4 b5 25. h3 Bc4 26. Rfd1 Nh6 27. Kh2 f5 28.
e5 Bd5 29. Bf1 Qe6 30. a4 c6 31. Bf2 Nf7 32. axb5 cxb5 33. Qa5 Bb7 34. Qb6 Qb3
35. Rxd8 Nxd8 36. Rd1 Bf3 37. c6 Bxc6 0-1

[Event "XXXVIII C.to Italiano"]
[Site "Castelvecchio Pascoli ITA"]
[Date "1977.10.??"]
[Round "2"]
[White "Toth, Bela"]
[Black "Tatai, Stefano"]
[Result "0-1"]
[WhiteElo "2440"]
[BlackElo "2480"]
[PlyCount "71"]
[EventDate "1977.10.13"]

1. d4 Nf6 2. c4 g6 3. Nc3 Bg7 4. e4 d6 5. Nf3 O-O 6. Be2 e5 7. d5 a5 8. Bg5 h6
9. Bh4 Na6 10. Nd2 Qe8 11. a3 Bd7 12. b3 Nh7 13. f3 h5 14. Bf2 Bh6 15. Rb1 Nc5
16. b4 axb4 17. axb4 Na4 18. Nxa4 Bxa4 19. Qc1 Bd7 20. O-O Qe7 21. Bd3 Bf4 22.
c5 Qg5 23. Rd1 h4 24. Kh1 Ba4 25. Bc2 Bb5 26. Bb3 Be2 27. Qc3 h3 28. g3 Bxd2
29. Rxd2 Bxf3+ 30. Kg1 Bxe4 31. Re1 Qf5 32. Bd1 Ng5 33. Qe3 Bf3 34. Bc2 Qg4 35.
cxd6 cxd6 36. Qb6 0-1

[Event "XXXVIII C.to Italiano"]
[Site "Castelvecchio Pascoli ITA"]
[Date "1977.10.??"]
[Round "2"]
[White "Zichichi, Alvise"]
[Black "Valenti, Giuseppe"]
[Result "1-0"]
[WhiteElo "2350"]
[BlackElo "2240"]
[PlyCount "71"]
[EventDate "1977.10.13"]

1. Nf3 Nf6 2. g3 g6 3. Bg2 Bg7 4. O-O O-O 5. c4 d6 6. Nc3 e5 7. d3 Nc6 8. Rb1
a5 9. a3 Re8 10. Ne1 Be6 11. Bg5 h6 12. Bxf6 Bxf6 13. b4 axb4 14. axb4 Qc8 15.
Nc2 Ne7 16. b5 Bg7 17. Nb4 c6 18. Qb3 Rd8 19. Rfc1 Qd7 20. Nc2 d5 21. cxd5 cxd5
22. Na4 d4 23. Qb4 Nd5 24. Bxd5 Bxd5 25. Nb6 Qh3 26. e4 dxe3 27. Nxe3 Bf8 28.
Qg4 Qxg4 29. Nxg4 Ba2 30. Nxa8 Bxb1 31. Rxb1 Rxa8 32. Nxe5 Bc5 33. Nd7 Bd6 34.
d4 Rc8 35. Ra1 Rc7 36. Nf6+ 1-0

[Event "XXXVIII C.to Italiano"]
[Site "Castelvecchio Pascoli ITA"]
[Date "1977.10.??"]
[Round "3"]
[White "De Eccher, Stefano"]
[Black "Cappello, Renato"]
[Result "0-1"]
[WhiteElo "2110"]
[BlackElo "2345"]
[PlyCount "102"]
[EventDate "1977.10.13"]

1. e4 c5 2. Nf3 Nc6 3. d4 cxd4 4. Nxd4 Nf6 5. Nc3 d6 6. Bc4 e6 7. Be3 Be7 8.
Qe2 O-O 9. O-O-O a6 10. Bb3 Qe8 11. g4 Nxd4 12. Bxd4 e5 13. Be3 Bxg4 14. f3 Be6
15. Rhg1 Kh8 16. Rg3 Rg8 17. f4 Qc6 18. Bxe6 fxe6 19. fxe5 dxe5 20. Rdg1 Bc5
21. Bxc5 Qxc5 22. Qg2 Nh5 23. Rg5 Nf4 24. Qg3 Rac8 25. Kb1 Rc7 26. Rf1 h6 27.
Qh4 Qe7 28. Rfg1 Qf6 29. R5g4 Qxh4 30. Rxh4 Kh7 31. Rhg4 Rd7 32. Kc1 Rgd8 33.
R4g3 b5 34. a3 g5 35. Re3 Rd2 36. Rd1 Rxd1+ 37. Nxd1 g4 38. a4 h5 39. axb5 axb5
40. Nc3 h4 41. Ne2 Kg6 42. b3 Kg5 43. Ng1 b4 44. c3 bxc3 45. Rxc3 Nd3+ 46. Kc2
Nb4+ 47. Kb1 Rd2 48. h3 Rd1+ 49. Rc1 Rxc1+ 50. Kxc1 gxh3 51. Nxh3+ Kg4 0-1

[Event "XXXVIII C.to Italiano"]
[Site "Castelvecchio Pascoli ITA"]
[Date "1977.10.??"]
[Round "3"]
[White "Mariotti, Sergio"]
[Black "Rupeni, Franco"]
[Result "1-0"]
[WhiteElo "2490"]
[BlackElo "2105"]
[PlyCount "107"]
[EventDate "1977.10.13"]

1. d4 Nf6 2. Nf3 c5 3. e3 g6 4. Be2 Bg7 5. O-O b6 6. a4 a6 7. c3 Nc6 8. d5 Nb8
9. c4 d6 10. Nc3 e5 11. dxe6 fxe6 12. a5 bxa5 13. Nd2 Ra7 14. Ra3 Bb7 15. Bf3
O-O 16. Ne2 Bxf3 17. Nxf3 Nc6 18. Nf4 Re7 19. Ng5 Qd7 20. Bd2 Bh6 21. Ngh3 Qc7
22. Qa1 e5 23. Nd5 Nxd5 24. cxd5 Nb4 25. Rxa5 Ref7 26. Bxb4 cxb4 27. Rxa6 Bxe3
28. Rc6 Qd7 29. Qe1 Bc5 30. Kh1 Qg4 31. Rxc5 dxc5 32. Qxe5 Qd7 33. Rd1 Re8 34.
Qg3 Rfe7 35. f3 c4 36. Nf4 Qd6 37. h4 c3 38. bxc3 bxc3 39. Kh2 Rd8 40. Rc1 Rc8
41. Rc2 Rc4 42. Nh3 Qxg3+ 43. Kxg3 Rb7 44. d6 Kf8 45. Nf4 Ke8 46. Nd5 Rb3 47.
Nf6+ Kd8 48. Re2 Kc8 49. d7+ Kc7 50. Re8 Rd4 51. Rc8+ Kb7 52. Rc4 Rd3 53. Ne4
Rb5 54. Nc5+ 1-0

[Event "XXXVIII C.to Italiano"]
[Site "Castelvecchio Pascoli ITA"]
[Date "1977.10.??"]
[Round "3"]
[White "Messa, Roberto"]
[Black "Taruffi, Daniele"]
[Result "1/2-1/2"]
[WhiteElo "2055"]
[BlackElo "2325"]
[PlyCount "80"]
[EventDate "1977.10.13"]

1. e4 e5 2. Nf3 Nf6 3. d3 Nc6 4. g3 g6 5. Bg2 Bg7 6. O-O O-O 7. Nbd2 Ne8 8. Nc4
d6 9. c3 f5 10. Bg5 Bf6 11. Bh6 Bg7 12. Bg5 Nf6 13. Qd2 Qe8 14. Rfe1 Be6 15.
Na3 Nh5 16. Bh6 Qd7 17. Bxg7 Kxg7 18. Ng5 Bg8 19. exf5 Qxf5 20. Bh3 Qf6 21. Nb5
Qe7 22. d4 a6 23. Na3 h6 24. Ne4 Nf6 25. Nxf6 Qxf6 26. Nc2 exd4 27. Nxd4 Nxd4
28. cxd4 Bd5 29. f4 Rfe8 30. a3 Qf7 31. Qc3 Kg8 32. Kf2 Bc6 33. Rxe8+ Rxe8 34.
Re1 Re7 35. Rxe7 Qxe7 36. Qe3 Kf7 37. Qxe7+ Kxe7 38. Ke3 Bd5 39. Bc8 a5 40. h4
b6 1/2-1/2

[Event "XXXVIII C.to Italiano"]
[Site "Castelvecchio Pascoli ITA"]
[Date "1977.10.??"]
[Round "3"]
[White "Trabattoni, Franco"]
[Black "Passerotti, Pierluigi"]
[Result "1-0"]
[WhiteElo "2265"]
[BlackElo "2380"]
[PlyCount "55"]
[EventDate "1977.10.13"]

1. e4 c5 2. Nf3 g6 3. d4 Bg7 4. Nc3 cxd4 5. Nxd4 Nc6 6. Be3 Nf6 7. Bc4 O-O 8.
Bb3 d6 9. f3 Bd7 10. Qd2 Nxd4 11. Bxd4 b5 12. h4 a5 13. a4 bxa4 14. Nxa4 e5 15.
Bc3 Bc6 16. O-O-O d5 17. exd5 Nxd5 18. Bxd5 Bxa4 19. Bxa8 Qxa8 20. Qd5 Qa7 21.
Qxa5 Qe3+ 22. Kb1 Bc6 23. Rd8 Bf6 24. Rxf8+ Kxf8 25. Qb4+ Kg7 26. h5 gxh5 27.
Re1 Qf4 28. Qd6 1-0

[Event "XXXVIII C.to Italiano"]
[Site "Castelvecchio Pascoli ITA"]
[Date "1977.10.??"]
[Round "3"]
[White "Valenti, Giuseppe"]
[Black "Spinetti, Paolo"]
[Result "1-0"]
[WhiteElo "2240"]
[BlackElo "2110"]
[PlyCount "47"]
[EventDate "1977.10.13"]

1. e4 e5 2. Nf3 Nc6 3. Bb5 Nf6 4. O-O d6 5. d4 exd4 6. Qxd4 Bd7 7. Bxc6 bxc6 8.
Bg5 c5 9. Qd3 Be7 10. e5 Nh5 11. Bxe7 Qxe7 12. exd6 cxd6 13. Qd5 Rb8 14. Qxh5
Rxb2 15. Re1 Be6 16. Nc3 O-O 17. Nd5 Qb7 18. Ng5 h6 19. Nxe6 fxe6 20. Rxe6 Rxa2
21. Rae1 Qf7 22. Qe2 Kh8 23. Rxd6 Qf5 24. Ne7 1-0

[Event "XXXVIII C.to Italiano"]
[Site "Castelvecchio Pascoli ITA"]
[Date "1977.10.??"]
[Round "4"]
[White "Cappello, Renato"]
[Black "Trabattoni, Franco"]
[Result "1/2-1/2"]
[WhiteElo "2345"]
[BlackElo "2265"]
[PlyCount "63"]
[EventDate "1977.10.13"]

1. d4 Nf6 2. c4 e6 3. Nf3 Bb4+ 4. Bd2 Qe7 5. Nc3 O-O 6. g3 Nc6 7. Bg2 d6 8. O-O
Re8 9. Qc2 Bxc3 10. Bxc3 e5 11. dxe5 dxe5 12. Rad1 Bg4 13. h3 Bd7 14. Rd2 Bc8
15. e3 e4 16. Ng5 Bf5 17. f3 Bg6 18. Nxe4 Nxe4 19. fxe4 Rad8 20. Rxd8 Rxd8 21.
Qf2 Ne5 22. b3 Nd3 23. Qf3 Ne5 24. Bxe5 Qxe5 25. Rd1 Rxd1+ 26. Qxd1 h6 27. Kf2
Qb2+ 28. Qe2 Qf6+ 29. Qf3 Qb2+ 30. Qe2 Qf6+ 31. Kg1 Qe5 32. Qg4 1/2-1/2

[Event "XXXVIII C.to Italiano"]
[Site "Castelvecchio Pascoli ITA"]
[Date "1977.10.??"]
[Round "4"]
[White "Passerotti, Pierluigi"]
[Black "Messa, Roberto"]
[Result "1-0"]
[WhiteElo "2380"]
[BlackElo "2055"]
[PlyCount "127"]
[EventDate "1977.10.13"]

1. e4 g6 2. d4 Bg7 3. Nc3 d6 4. Nf3 Bg4 5. Be2 Nc6 6. Be3 e5 7. d5 Nce7 8. Qd3
Qd7 9. Nd2 Bxe2 10. Nxe2 f5 11. f3 Nf6 12. h3 f4 13. Bf2 g5 14. c4 h5 15. c5
Kf7 16. Nc4 Ng6 17. cxd6 cxd6 18. Kd2 Bf8 19. Nc3 Be7 20. a4 g4 21. hxg4 hxg4
22. Nb5 b6 23. b4 Rab8 24. Nc3 g3 25. Rxh8 Rxh8 26. Bg1 Kg7 27. b5 Qc7 28. a5
Nd7 29. axb6 axb6 30. Na4 Rb8 31. Qc3 Nh4 32. Ncxb6 Qxc3+ 33. Kxc3 Nxb6 34.
Bxb6 Nxg2 35. Kb4 Nh4 36. Bc7 Rb7 37. b6 Nxf3 38. Kb5 g2 39. Ka6 g1=Q 40. Rxg1+
Nxg1 41. Kxb7 f3 42. Kc6 f2 43. b7 f1=Q 44. b8=Q Qc4+ 45. Kd7 Bf8 46. Qa7 Nf3
47. Bxd6 Bxd6 48. Kxd6+ Kg6 49. Nc5 Qd4 50. Qd7 Nd2 51. Qf5+ Kh6 52. Qf6+ Kh7
53. Qe7+ Kg6 54. Ke6 Nc4 55. Qf6+ Kh5 56. Qf3+ Kh4 57. Nd3 Qb6+ 58. Kf7 Nd6+
59. Ke7 Qc7+ 60. Ke6 Nc4 61. Qf6+ Kg4 62. Nxe5+ Nxe5 63. Qxe5 Kh4 64. d6 1-0

[Event "XXXVIII C.to Italiano"]
[Site "Castelvecchio Pascoli ITA"]
[Date "1977.10.??"]
[Round "4"]
[White "Tatai, Stefano"]
[Black "Cosulich, Roberto"]
[Result "1/2-1/2"]
[WhiteElo "2480"]
[BlackElo "2425"]
[PlyCount "29"]
[EventDate "1977.10.13"]

1. Nf3 Nf6 2. c4 c5 3. Nc3 Nc6 4. g3 g6 5. Bg2 Bg7 6. O-O b6 7. b3 Bb7 8. Bb2
O-O 9. d4 Nxd4 10. Nxd4 Bxg2 11. Kxg2 cxd4 12. Qxd4 d6 13. Nd5 Qd7 14. Rac1
Rfc8 15. Rfd1 1/2-1/2

[Event "XXXVIII C.to Italiano"]
[Site "Castelvecchio Pascoli ITA"]
[Date "1977.10.??"]
[Round "4"]
[White "Taruffi, Daniele"]
[Black "Mariotti, Sergio"]
[Result "1-0"]
[WhiteElo "2325"]
[BlackElo "2490"]
[PlyCount "93"]
[EventDate "1977.10.13"]

1. e4 g6 2. g3 Bg7 3. Bg2 e5 4. Nf3 Nc6 5. O-O Nge7 6. c3 d6 7. d4 O-O 8. dxe5
dxe5 9. Qe2 h6 10. Rd1 Qe8 11. b4 a6 12. Nbd2 Be6 13. Nc4 Qc8 14. a4 Rd8 15.
Bd2 f6 16. b5 Nb8 17. Ne3 Nd7 18. c4 axb5 19. axb5 Rxa1 20. Rxa1 Nc5 21. Bb4 b6
22. Nd5 Nxd5 23. exd5 Bf7 24. Bxc5 bxc5 25. Qe3 Bf8 26. Nd2 f5 27. Nb3 f4 28.
gxf4 exf4 29. Qxf4 g5 30. Qf3 Re8 31. Nd2 Bg7 32. Bh3 Qd8 33. Ra6 Rf8 34. Qe2
Kh8 35. Ne4 Qe7 36. Ng3 Qd8 37. Nf5 Re8 38. Qf3 h5 39. Nh6 Re1+ 40. Kg2 Be8 41.
Nf7+ Bxf7 42. Qxf7 Qe8 43. Qxe8+ Rxe8 44. Be6 Rf8 45. Rc6 Bd4 46. f3 Be5 47. d6
1-0

[Event "XXXVIII C.to Italiano"]
[Site "Castelvecchio Pascoli ITA"]
[Date "1977.10.??"]
[Round "4"]
[White "Toth, Bela"]
[Black "De Eccher, Stefano"]
[Result "1-0"]
[WhiteElo "2440"]
[BlackElo "2110"]
[PlyCount "65"]
[EventDate "1977.10.13"]

1. d4 g6 2. c4 f5 3. g3 Nf6 4. Bg2 Bg7 5. Nc3 O-O 6. Nf3 d6 7. O-O Nc6 8. d5
Ne5 9. Nxe5 dxe5 10. e4 f4 11. gxf4 exf4 12. e5 Ng4 13. e6 Ne5 14. Qb3 f3 15.
Bh3 Qe8 16. Ne4 g5 17. Re1 Qh5 18. Bf1 Ng4 19. h3 Bd4 20. Rd1 c5 21. Rxd4 cxd4
22. Ng3 Qh4 23. hxg4 Qxg4 24. Qd3 b5 25. c5 Bb7 26. c6 Ba6 27. Bd2 Rf6 28. Re1
Raf8 29. Re4 Rf4 30. Bxf4 gxf4 31. Qxd4 Qh4 32. d6 h5 33. dxe7 1-0

[Event "XXXVIII C.to Italiano"]
[Site "Castelvecchio Pascoli ITA"]
[Date "1977.10.??"]
[Round "4"]
[White "Zichichi, Alvise"]
[Black "Spinetti, Paolo"]
[Result "1-0"]
[WhiteElo "2350"]
[BlackElo "2110"]
[PlyCount "83"]
[EventDate "1977.10.13"]

1. Nf3 Nf6 2. g3 g6 3. b3 Bg7 4. Bb2 O-O 5. Bg2 c5 6. c4 Nc6 7. O-O d6 8. d4
cxd4 9. Nxd4 Bd7 10. Nc3 Qc8 11. Rc1 Bh3 12. Nd5 Bxg2 13. Kxg2 Qd7 14. Nxc6
Nxd5 15. Nd4 Nb4 16. Qd2 Nc6 17. Nb5 Bxb2 18. Qxb2 Ne5 19. Rfd1 Ng4 20. Qd4 b6
21. f3 Nh6 22. e4 f6 23. Qd5+ Kh8 24. Nd4 Rac8 25. Ne6 Rg8 26. a4 Qc6 27. h3
Nf7 28. Nd4 Qe8 29. Qb7 Rc5 30. b4 Rh5 31. g4 Rh6 32. Nc6 Ne5 33. Qxe7 Qxe7 34.
Nxe7 Re8 35. Nd5 Nxf3 36. Kxf3 Rxh3+ 37. Kg2 Ra3 38. Nxf6 Re6 39. g5 Rxa4 40.
c5 bxc5 41. bxc5 Re5 42. cxd6 1-0

[Event "XXXVIII C.to Italiano"]
[Site "Castelvecchio Pascoli ITA"]
[Date "1977.10.??"]
[Round "5"]
[White "Cosulich, Roberto"]
[Black "Zichichi, Alvise"]
[Result "1/2-1/2"]
[WhiteElo "2425"]
[BlackElo "2350"]
[PlyCount "29"]
[EventDate "1977.10.13"]

1. e4 g6 2. d4 Bg7 3. Nf3 c6 4. Bd3 d5 5. exd5 cxd5 6. O-O Nh6 7. Re1 Nc6 8.
Bf4 O-O 9. c3 f6 10. c4 Bg4 11. cxd5 Nxd4 12. Nbd2 Nxf3+ 13. Nxf3 Qxd5 14. Rxe7
Rf7 15. Rxf7 1/2-1/2

[Event "XXXVIII C.to Italiano"]
[Site "Castelvecchio Pascoli ITA"]
[Date "1977.10.??"]
[Round "5"]
[White "De Eccher, Stefano"]
[Black "Tatai, Stefano"]
[Result "0-1"]
[WhiteElo "2110"]
[BlackElo "2480"]
[PlyCount "50"]
[EventDate "1977.10.13"]

1. e4 c5 2. Nf3 d6 3. d4 Nf6 4. Nc3 cxd4 5. Nxd4 a6 6. Bc4 e6 7. Bb3 b5 8. Qe2
Be7 9. Be3 O-O 10. O-O-O b4 11. Na4 Qa5 12. g4 Bd7 13. Nb6 Qxb6 14. Nxe6 Qb7
15. Nxf8 Bxf8 16. g5 Nxe4 17. g6 hxg6 18. h4 Nf6 19. Rdg1 Bb5 20. Qd1 Bc6 21.
Rxg6 Bxh1 22. Rxf6 gxf6 23. Qh5 Bg7 24. Bh6 Bxh6+ 25. Qxh6 Qe4 0-1

[Event "XXXVIII C.to Italiano"]
[Site "Castelvecchio Pascoli ITA"]
[Date "1977.10.??"]
[Round "5"]
[White "Mariotti, Sergio"]
[Black "Passerotti, Pierluigi"]
[Result "1-0"]
[WhiteElo "2490"]
[BlackElo "2380"]
[PlyCount "45"]
[EventDate "1977.10.13"]

1. e4 e5 2. Nf3 Nf6 3. d3 Nc6 4. c3 g6 5. Be2 Bg7 6. O-O d5 7. Qc2 O-O 8. b4
Re8 9. Re1 b6 10. Bb2 Bb7 11. Nbd2 dxe4 12. dxe4 Qe7 13. a4 a5 14. b5 Nb8 15.
Ba3 Qd8 16. Bc4 Nh5 17. Qa2 Qf6 18. Ng5 Qxg5 19. Bxf7+ Kh8 20. Bxe8 Nf4 21. g3
Nd7 22. Bxd7 Rd8 23. Qf7 1-0